| 000 | 00554nam a2200217Ia 4500 | ||
|---|---|---|---|
| 003 | 0100 | ||
| 005 | 20161214084229.0 | ||
| 008 | 130303s9999 xx 000 0 und d | ||
| 020 | _a0385032536 | ||
| 040 | _cARRUPELIB | ||
| 050 | _aREF. BS192.2.A11964.G3 1986 | ||
| 100 |
_aMann, C.S _928027 |
||
| 245 | _aMark | ||
| 260 | _aNew york | ||
| 260 | _bDoubleday & Co. | ||
| 300 | _axxvi | ||
| 300 | _b 714p. 24cm. | ||
| 440 |
_aThe anchor bible series ; v.27 _928028 |
||
| 650 |
_aBible N.T. Mark _xCommentaries _911841 |
||
| 942 |
_2lcc _cMONOGRAPH |
||
| 999 |
_c22856 _d22856 |
||